000 00590pam a22002051a 4500
001 1913783
005 20180302034551.0
008 850329s1985 nju 001 0 eng
010 _a 85006479
020 _a0131275496 :
_c$7.95
040 _aDLC
_cDLC
_dDLC
041 _aeng
080 _a545 BRO
082 0 0 _a545 BRO
_219
100 1 _a12
101 _aKIM
245 1 0 _aQualitative inorganic analysis :
_cTheodore L. Brown, H. Eugene LeMay, Jr.
906 _a7
_bcbc
_corignew
_d1
_eocip
_f19
_gy-gencatlg
942 _2ddc
_cBK
999 _c43936
_d43936